Every european city with a metro or a tram on a map - Statistics

General Stats
  • This quiz has been taken 387 times
    374 since last reset
  • The average score is 139 of 266
Answers on the Map
Answers color-coded by a green-red scale on the quiz's map according to % correct below.
 
Answer Stats
Country City % Correct
United Kingdom London
92%
Norway Oslo
92%
Sweden Stockholm
92%
Ireland Dublin
91%
Italy Rome
91%
Denmark Copenhagen
90%
Portugal Lisbon
90%
Spain Madrid
90%
United Kingdom Manchester
90%
France Paris
90%
Portugal Porto
90%
Spain Barcelona
89%
Germany Berlin
89%
United Kingdom Edinburgh
89%
Finland Helsinki
89%
Italy Milan
89%
Netherlands Amsterdam
88%
Greece Athens
88%
Belgium Brussels
88%
France Marseille
88%
Italy Naples
88%
Austria Vienna
88%
Romania Bucharest
87%
United Kingdom Glasgow
87%
Turkey Istanbul
87%
Ukraine Kiev
87%
Russia Moscow
87%
Germany Munich
87%
Latvia Riga
87%
Russia Saint Petersburg
87%
Estonia Tallinn
86%
Italy Turin
86%
Switzerland Zürich
86%
United Kingdom Birmingham
85%
Hungary Budapest
85%
Germany Hamburg
85%
France Lyon
85%
France Nice
85%
Czechia Prague
85%
Netherlands Rotterdam / The Hague
85%
Bulgaria Sofia
85%
Spain Valencia
85%
France Bordeaux
84%
Belarus Minsk
84%
Italy Venice (Mestre)
84%
Germany Frankfurt am Main
83%
Germany Frankfurt an der Oder
83%
Italy Palermo
83%
Spain Seville
83%
Poland Warsaw
83%
Croatia Zagreb
83%
Belgium Antwerp
82%
Switzerland Bern
82%
Germany Cologne
82%
Italy Florence
82%
Sweden Gothenburg
82%
Bosnia and Herzegovina Sarajevo
82%
Greece Thessaloniki
82%
Serbia Belgrade
81%
Spain Bilbao
81%
Slovakia Bratislava
81%
Switzerland Geneva
81%
Italy Genoa
81%
France Lille
81%
United Kingdom Newcastle / Sunderland
81%
France Strasbourg
81%
France Toulouse
81%
Norway Bergen
80%
Poland Gdańsk
78%
Poland Kraków
78%
Germany Dresden
77%
Ukraine Odesa
76%
Germany Bremen
75%
Germany Düsseldorf
75%
Luxembourg Luxembourg
75%
Spain Palma
75%
Germany Stuttgart
75%
Switzerland Basel
74%
Ukraine Lviv
74%
Denmark Aarhus
73%
Austria Graz
73%
Austria Innsbruck
73%
France Brest
72%
Germany Leipzig
72%
Spain Malaga
71%
France Nantes
71%
Spain Zaragoza
71%
Czechia Brno
70%
Belgium Ghent
70%
United Kingdom Sheffield
70%
Italy Trieste
70%
Italy Cagliari
69%
Ukraine Donetsk
69%
Russia Kaliningrad
69%
Germany Dortmund
68%
Germany Hanover
68%
Belgium Liège
68%
Ukraine Kharkiv
67%
France Montpellier
67%
Norway Trondheim
67%
Italy Catania
66%
Switzerland Lausanne
66%
Poland Łódź
66%
Netherlands Utrecht
66%
Romania Cluj-Napoca
65%
Germany Essen
65%
Germany Bonn
64%
Poland Katowice
64%
United Kingdom Nottingham
64%
Germany Nuremberg
64%
Poland Wrocław
64%
Spain Granada
63%
Austria Linz
63%
France Rennes
62%
Russia Rostov-on-Don
62%
Germany Mannheim / Ludwigshafen
61%
Spain Alicante
58%
Ukraine Dnipro
58%
Italy Messina
58%
Poland Poznań
58%
France Dijon
57%
Russia Kazan
57%
Germany Potsdam
56%
Finland Tampere
56%
Russia Volgograd
56%
Spain Cadiz
55%
United Kingdom Blackpool
54%
France Le Havre
54%
Spain Murcia
54%
France Reims
54%
France Grenoble
53%
Russia Nizhny Novgorod
53%
Czechia Ostrava
53%
Germany Rostock
53%
Germany Augsburg
52%
Slovakia Košice
52%
Czechia Plzen
52%
Belgium Charleroi
51%
Hungary Debrecen
51%
Ukraine Mariupol
51%
Denmark Odense
51%
France Orléans
51%
Italy Bergamo / Albino
50%
Germany Magdeburg
50%
France Rouen
50%
Russia Samara
50%
Poland Szczecin
50%
Romania Timișoara
50%
Russia Ufa
50%
Germany Freiburg im Breisgau
49%
Germany Bielefeld
48%
Germany Mainz
48%
Russia Perm
48%
Germany Duisburg
47%
Germany Ulm
47%
Germany Karlsruhe
46%
Russia Krasnodar
46%
France Saint-Étienne
46%
Latvia Daugavpils
45%
Germany Saarbrücken
45%
France Avignon
44%
France Caen
44%
Germany Chemnitz
44%
Italy Padua
44%
France Tours
44%
Germany Wuppertal
44%
Romania Iași
43%
France Mulhouse
43%
France Le Mans
41%
Germany Bochum
40%
France Clermont-Ferrand
40%
Germany Erfurt
40%
Italy Brescia
39%
France Angers
37%
Germany Gelsenkirchen
37%
Germany Jena
37%
Italy Sassari
37%
Germany Heidelberg
36%
Hungary Szeged
36%
Germany Kassel
35%
Russia Kursk
35%
Russia Smolensk
35%
Poland Bydgoszcz
33%
Germany Halle an der Saale
33%
Sweden Lund
33%
Sweden Norrköping
33%
Croatia Osijek
33%
Spain Santa Cruz de Tenerife
33%
Belarus Vitebsk
33%
Germany Brandenburg an der Havel
32%
Germany Cottbus
32%
Russia Saratov
32%
France Besançon
31%
Germany Braunschweig
31%
Switzerland Neuchâtel
31%
Czechia Olomouc
31%
Germany Darmstadt
30%
Czechia Liberec
30%
Germany Würzburg
30%
Spain Vitoria-Gasteiz
29%
Spain Jaén
28%
Latvia Liepāja
28%
Belgium Oostende (Coast Tram)
28%
Germany Schwerin
28%
Romania Arad
26%
Romania Craiova
26%
Romania Galați
26%
Hungary Miskolc
26%
Russia Yaroslavl
26%
Germany Zwickau
26%
Germany Görlitz
25%
Ukraine Mykolaiv
25%
Romania Oradea
25%
Russia Tula
25%
Poland Częstochowa
24%
Poland Elbląg
24%
Germany Gera
24%
Poland Toruń
24%
Germany Krefeld
22%
Germany Mülheim
22%
Russia Orel
22%
France Valenciennes
22%
Poland Olsztyn
21%
Russia Ulyanovsk
21%
Romania Brăila
20%
Germany Heilbronn
20%
Ukraine Kryvyi Rih
20%
Romania Ploiești
20%
Ukraine Vinnytsia
19%
Ukraine Zaporizhzhia
19%
Ukraine Zhytomyr
19%
Poland Gorzów Wielkopolski
18%
Russia Lipetsk
18%
Germany Gotha
17%
Czechia Most / Litvinov
17%
Russia Vladikavkaz
17%
Germany Dessau-Roßlau
15%
Russia Izhevsk
15%
Germany Plauen
14%
Russia Taganrog
14%
Poland Grudziądz
12%
Spain Sóller
12%
Ukraine Yevpatoria
11%
Austria Gmunden
10%
Ukraine Horlivka
10%
Russia Naberezhnye Chelny
10%
Germany Naumburg
10%
Germany Nordhausen
10%
Russia Cherepovets
9%
Belarus Mazyr
9%
Belarus Novopolotsk
8%
Romania Reșița
8%
Germany Halberstadt
7%
Russia Pyatigorsk
7%
Ukraine Kamianske
6%
Russia Nizhnekamsk
6%
Russia Novocherkassk
6%
Russia Stary Oskol
6%
Ukraine Avdiivka
5%
Russia Volzhski
5%
Russia Kolomna
4%
Ukraine Konotop
4%
Russia Salavat
3%
Ukraine Druzhkivka
2%
Russia Novotroitsk
2%
Ukraine Yenakiieve
2%
No matching quizzes found
Score Distribution
Percent of People with Each Score
Percentile by Number Answered
Your Score History
You have not taken this quiz since the last reset